[Event "VI Sunway Sitges Open 2019"]
[Site "Sitges"]
[Date "2019.12.20"]
[Round "8.19"]
[White "Lopez Martinez, Josep Manuel"]
[Black "Erenberg, Ariel"]
[Result "0-1"]
[WhiteElo "2561"]
[BlackElo "2479"]
[Annotator "ChessBase"]
[PlyCount "80"]
[EventDate "2019.12.13"]
[EventType "swiss"]
[EventCountry "ESP"]
[SourceTitle "playchess.com"]
[Source "ChessBase"]
[SourceQuality "1"]
[TimeControl "40/5400+30:1800+30"]

1. d4 {[%emt 0:06:12]} Nf6 {[%emt 0:00:00]} 2. c4 {[%emt 0:00:36]} e6 {[%emt 0:00:00]} 3. Nf3 {[%emt 0:00:42]} d5 {[%emt 0:00:00]} 4. Nc3 {[%emt 0:00:39]} Nbd7 {[%emt 0:01:04]} 5. cxd5 {[%emt 0:00:45]} exd5 {[%emt 0:00:02]} 6. Bg5 {[%emt 0:00:33]} h6 {[%emt 0:00:18]} 7. Bh4 {[%emt 0:00:30]} c6 {[%emt 0:00:17]} 8. Qc2 {[%emt 0:01:25]} Be7 {[%emt 0:00:32]} 9. e3 {[%emt 0:01:16]} O-O {[%emt 0:00:08]} 10. Bd3 {[%emt 0:00:34]} Re8 {[%emt 0:00:13]} 11. Bg3 {[%emt 0:03:27]} Nh5 {[%emt 0:22:25]} 12. O-O-O {[%emt 0:07:27]} Nxg3 {[%emt 0:02:18]} 13. hxg3 {[%emt 0:00:15]} Nf6 {[%emt 0:07:33]} 14. Ne5 {[%emt 0:01:46]} Ng4 {[%emt 0:04:54]} 15. Bh7+ {[%emt 0:04:45]} Kf8 {[%emt 0:00:14]} 16. Bf5 {[%emt 0:10:29]} Nxe5 {[%emt 0:03:02]} 17. dxe5 {[%emt 0:00:07]} Bb4 {[%emt 0:05:21]} 18. Bxc8 {[%emt 0:02:51]} Qxc8 {[%emt 0:25:15]} 19. f4 {[%emt 0:15:35]} Bxc3 {[%emt 0:00:12]} 20. Qxc3 {[%emt 0:00:16]} Qg4 {[%emt 0:00:55]} 21. Qe1 {[%emt 0:02:11]} Rad8 {[%emt 0:03:26]} 22. Qf2 {[%emt 0:06:23]} Qe6 {[%emt 0:04:28]} 23. Rhe1 {[%emt 0:09:23]} f6 {[%emt 0:05:32]} 24. exf6 {[%emt 0:01:25]} Qxf6 {[%emt 0:00:01]} 25. Qc2 {[%emt 0:02:46]} Re4 {[%emt 0:00:58]} 26. Qc5+ {[%emt 0:01:57]} Kg8 {[%emt 0:01:11]} 27. Qxa7 {[%emt 0:00:15]} Qg6 {[%emt 0:00:15]} 28. b3 {[%emt 0:02:21]} Qxg3 {[%emt 0:00:14]} 29. Qxb7 {[%emt 0:08:19]} Rxe3 {[%emt 0:00:06]} 30. Qb4 {[%emt 0:04:40]} Rde8 {[%emt 0:05:14]} 31. Rxe3 {[%emt 0:00:04]} Rxe3 {[%emt 0:00:10]} 32. Rd2 {[%emt 0:01:07]} Qe1+ {[%emt 0:00:57]} 33. Kb2 {[%emt 0:02:28]} c5 {[%emt 0:02:08]} 34. Qa5 {[%emt 0:00:10]} Kh7 {[%emt 0:04:20]} 35. g4 {[%emt 0:01:17]} d4 {[%emt 0:00:52]} 36. g5 {[%emt 0:02:24]} Rc3 {[%emt 0:00:36]} 37. g6+ {[%emt 0:00:03]} Kxg6 {[%emt 0:00:06]} 38. Qa6+ {[%emt 0:00:19]} Kh7 {[%emt 0:01:01]} 39. Rc2 {[%emt 0:00:46]} Rxc2+ {[%emt 0:01:24]} 40. Kxc2 {[%emt 0:00:00]} Qc3+ {[%emt 0:00:00]} 0-1

[Event "VI Sunway Sitges Open 2019"]
[Site "Sitges"]
[Date "2019.12.20"]
[Round "8.20"]
[White "Gukesh D"]
[Black "Janik, Igor"]
[Result "1-0"]
[WhiteElo "2547"]
[BlackElo "2466"]
[Annotator "ChessBase"]
[PlyCount "85"]
[EventDate "2019.12.13"]
[EventType "swiss"]
[EventCountry "ESP"]
[SourceTitle "playchess.com"]
[Source "ChessBase"]
[SourceQuality "1"]
[TimeControl "40/5400+30:1800+30"]

1. c4 {[%emt 0:00:18]} e5 {[%emt 0:00:00]} 2. g3 {[%emt 0:00:46]} Nf6 {[%emt 0:00:04]} 3. Bg2 {[%emt 0:00:07]} Nc6 {[%emt 0:00:12]} 4. Nf3 {[%emt 0:04:23]} d5 {[%emt 0:04:06]} 5. cxd5 {[%emt 0:00:06]} Nxd5 {[%emt 0:00:11]} 6. O-O {[%emt 0:00:25]} Nb6 {[%emt 0:00:30]} 7. b3 {[%emt 0:06:20]} e4 {[%emt 0:09:03]} 8. Ne1 {[%emt 0:00:23]} Bf5 {[%emt 0:00:47]} 9. Nc3 {[%emt 0:18:42]} Qe7 {[%emt 0:01:33]} 10. d3 {[%emt 0:11:51]} O-O-O {[%emt 0:11:44]} 11. Be3 {[%emt 0:00:10]} exd3 {[%emt 0:00:57]} 12. Nxd3 {[%emt 0:02:09]} h5 {[%emt 0:02:22]} 13. Rc1 {[%emt 0:15:55]} Kb8 {[%emt 0:11:28]} 14. Nb5 {[%emt 0:07:51]} Be4 {[%emt 0:01:01]} 15. Bxe4 {[%emt 0:14:24]} Qxe4 {[%emt 0:00:18]} 16. Bf4 {[%emt 0:00:09]} Bd6 {[%emt 0:06:49]} 17. Nxd6 {[%emt 0:02:03]} cxd6 {[%emt 0:00:02]} 18. f3 {[%emt 0:03:05]} Qe6 {[%emt 0:04:18]} 19. e4 {[%emt 0:01:02]} f5 {[%emt 0:04:13]} 20. Nc5 {[%emt 0:00:40]} Qf6 {[%emt 0:04:24]} 21. Na6+ {[%emt 0:03:43]} Ka8 {[%emt 0:00:31]} 22. Nc7+ {[%emt 0:01:24]} Kb8 {[%emt 0:00:01]} 23. Na6+ {[%emt 0:00:33]} Ka8 {[%emt 0:00:07]} 24. Nc7+ {[%emt 0:00:01]} Kb8 {[%emt 0:00:02]} 25. Nb5 {[%emt 0:00:23]} Nc8 {[%emt 0:01:12]} 26. Qd2 {[%emt 0:01:17]} Qg6 {[%emt 0:00:33]} 27. exf5 {[%emt 0:03:29]} Qxf5 {[%emt 0:00:08]} 28. Nd4 {[%emt 0:00:07]} Nxd4 {[%emt 0:00:53]} 29. Qxd4 {[%emt 0:00:01]} g5 {[%emt 0:02:12]} 30. Rc5 {[%emt 0:00:25]} Qe6 {[%emt 0:01:59]} 31. Rxg5 {[%emt 0:00:19]} h4 {[%emt 0:00:47]} 32. g4 {[%emt 0:00:33]} Rhf8 {[%emt 0:01:31]} 33. Rh5 {[%emt 0:01:04]} Ne7 {[%emt 0:01:28]} 34. Rh6 {[%emt 0:00:30]} Ng6 {[%emt 0:02:40]} 35. Bg5 {[%emt 0:00:01]} Rh8 {[%emt 0:01:08]} 36. Rxh8 {[%emt 0:02:01]} Rxh8 {[%emt 0:00:03]} 37. Qf6 {[%emt 0:00:17]} Qe8 {[%emt 0:01:03]} 38. Qxd6+ {[%emt 0:00:08]} Ka8 {[%emt 0:00:01]} 39. Rd1 {[%emt 0:00:37]} Ne5 {[%emt 0:00:44]} 40. Qd8+ {[%emt 0:00:00]} Qxd8 {[%emt 0:00:00]} 41. Rxd8+ {[%emt 0:00:28]} Rxd8 {[%emt 0:00:07]} 42. Bxd8 {[%emt 0:00:02]} Nxf3+ {[%emt 0:00:11]} 43. Kg2 {[%emt 0:00:17]} 1-0

[Event "VI Sunway Sitges Open 2019"]
[Site "Sitges"]
[Date "2019.12.20"]
[Round "8.21"]
[White "Yankelevich, Lev"]
[Black "Shevchenko, Kirill"]
[Result "0-1"]
[WhiteElo "2472"]
[BlackElo "2547"]
[Annotator "TA"]
[PlyCount "66"]
[EventDate "2019.12.13"]
[EventType "swiss"]
[EventCountry "ESP"]
[SourceTitle "playchess.com"]
[Source "ChessBase"]
[SourceQuality "1"]

{[%evp 18,66,75,5,30,0,24,0,0,0,0,-49,0,-41,-48,-39,-38,-104,-102,-108,-106,-103,-100,-97,-108,-98,-52,-120,0,-273,-258,-369,-342,-309,-313,-302,-301,-300,-293,-293,-290,-302,-223,-228,-195,-213,-210,-742,-741,-719,-678]} 1. d4 Nf6 2. c4 g6 3. Nc3 d5 4. cxd5 Nxd5 5. e4 Nxc3 6. bxc3 Bg7 7. Be3 c5 8. Nf3 Bg4 9. Rc1 Qa5 {[#]} 10. Qd2 (10. Qb3 $1 $16 {[%cal Rb3b7]} O-O 11. Qxb7 cxd4 12. Nxd4 (12. Qxa8 dxe3 13. Qd5 Qb6 $17)) 10... Nd7 {D85: Exchange Grünfeld: Unusual White 7th moves and lines with 7 Nf3} (10... Bxf3 $5 11. gxf3 Nc6 $14) (10... Nc6 11. d5 Bxf3 12. gxf3 Rd8 13. Bd3 O-O 14. O-O Qc7 15. Rfd1 b6 16. Qe2 Ne5 17. Bb5 g5 18. f4 {0-1 (38) Karjakin,S (2725)-Svidler,P (2750) Nice 2010}) 11. Ng1 $146 {Black must now prevent h3.} ({Predecessor:} 11. d5 b5 12. Be2 O-O 13. c4 b4 14. O-O Nb6 15. Bd3 Na4 16. Rc2 Rab8 17. Bf4 Bc3 18. Qe3 {½-½ (31) Wang,Z (2068)-Chu,R (2261) Tianjin 2018}) 11... Nb6 12. h3 Bd7 {The position is equal.} 13. Nf3 O-O 14. d5 f5 15. e5 e6 16. d6 Bc6 $1 17. Be2 {[#]} ({Better is} 17. Bf4 $15) 17... Bxf3 $1 $17 18. Bxf3 Bxe5 {Hoping for ...f4.} 19. Bh6 Rfd8 20. O-O {aiming for Qe2.} Rxd6 21. Qe2 c4 22. Rfe1 (22. Bxb7 $15 Re8 23. Rfd1) 22... Bg7 (22... Bxc3 $17 23. Bf4 e5 24. Bxe5 Bxe5 25. Qxe5 Qxe5 26. Rxe5 Rd7) 23. Bf4 $2 {[%mdl 8192] [#]} (23. Rcd1 $1 $11 {and White is okay.} Rxd1 24. Qxe6+ Kh8 25. Bxg7+ Kxg7 26. Qe7+ Kg8 27. Qe6+ Kg7 28. Qe7+ Kg8 29. Qe6+ Kg7) 23... e5 $1 $19 {[%cal Re5f4]} 24. Bg3 (24. Be3 {was called for.}) (24. Bxe5 Re6) 24... Rd7 25. Red1 Rxd1+ 26. Qxd1 e4 (26... Qxa2 27. Bxb7 Rf8 28. Ra1 $17) 27. Be2 Qc5 ({Less strong is} 27... Bxc3 28. Bc7 $17) ({Much less strong is} 27... Qxa2 28. Bf4 $19) 28. Bf4 Nd5 29. Qd2 Nxf4 30. Qxf4 Rd8 31. a4 Be5 32. Bxc4+ $2 (32. Qg5 Qc7 33. Rb1) 32... Kg7 ({Not} 32... Qxc4 33. Qxe5 Qd5 34. Qc7 $17) 33. Qg5 Bf6 {Accuracy: White = 33%, Black = 66%.} 0-1

[Event "VI Sunway Sitges Open 2019"]
[Site "Sitges"]
[Date "2019.12.20"]
[Round "8.22"]
[White "Li, Di"]
[Black "Martin Duque, Jesus"]
[Result "1/2-1/2"]
[WhiteElo "2543"]
[BlackElo "2430"]
[Annotator "TA"]
[PlyCount "164"]
[EventDate "2019.12.13"]
[EventType "swiss"]
[EventCountry "ESP"]
[SourceTitle "playchess.com"]
[Source "ChessBase"]
[SourceQuality "1"]

{[%evp 13,164,11,15,7,22,19,12,12,16,13,0,6,104,106,99,83,108,120,183,173,181,167,170,168,174,172,167,164,188,178,177,170,175,138,149,138,140,152,156,142,132,121,135,118,248,237,218,193,247,208,208,172,206,208,206,205,220,210,302,272,339,288,317,290,481,476,459,382,358,0,438,159,245,229,388,60,68,41,34,52,66,29,39,32,29,29,31,31,26,32,30,33,50,14,30,32,50,66,72,0,0,0,4,4,11,0,0,0,0,0,0,0,0,0,0,0,0,0,0,0,0,-12842,0,-12851,-12851,-12851,-12851,-12851,-12851,-12851,0,0,0,-12851,-12851,-12851,-12851,-12851,0,0,0,0,0,-29965,-29966,-12851,0,0,0,0,0,0,0]} 1. Nf3 Nf6 2. c4 e6 3. g3 b6 4. Bg2 Bb7 5. d4 Be7 6. O-O O-O 7. Re1 Na6 8. Bf4 {E17: Queen's Indian: 4 g3 Bb7 5 Bg2 Be7} (8. h4 Re8 9. Nc3 Ne4 10. Bd2 c5 11. d5 exd5 12. cxd5 Bf6 13. Nxe4 Rxe4 14. Ng5 Rd4 15. Qc2 g6 16. Bc3 Nb4 17. Qb3 a5 18. Bxd4 Bxd4 19. d6 Qf6 20. Bxb7 {1-0 (20) Ding,L (2805)-Rapport,R (2747) Saint Louis 2019}) 8... d6 9. Nc3 Ne4 10. Nxe4 Bxe4 11. Qa4 $146 ({Predecessor:} 11. Nh4 Bxg2 12. Nxg2 c5 13. d5 Nc7 14. dxe6 fxe6 15. Qd3 g5 16. Bd2 {0-1 (58) Mandiza,F (2368)-Panchanathan,M (2518) Philadelphia 2016}) 11... Qc8 12. Bh3 Bxf3 (12... f5 $11) 13. exf3 $16 Qb7 14. d5 $36 {[%mdl 2048] White is really pushing.} e5 15. b4 Rfd8 (15... Nb8 $16) 16. Bd2 $18 Bf6 17. Rab1 Nb8 18. f4 Qa6 19. Qxa6 Nxa6 {[#]} 20. Bc3 $1 exf4 21. Bxf6 gxf6 22. gxf4 Re8 {and if ...Rxe1+ works, Black does fine.} 23. Re3 Rxe3 24. fxe3 $16 {[%mdl 4096] Endgame KRB-KRN} Kf8 25. Bf5 h6 26. Kf2 Ke7 27. e4 Rb8 28. a3 b5 (28... Rh8 $16 29. Rg1 Nb8) 29. cxb5 $18 Rxb5 30. Rg1 Kf8 (30... Nb8 $142 31. Rg7 Kf8) 31. Bh7 Nb8 {[#]} 32. Rg8+ $1 Ke7 33. Rc8 Rb7 34. Ke3 Nd7 35. Kd4 a5 (35... h5 $142 36. Bf5 a5) 36. bxa5 Ra7 37. Bf5 Nc5 38. Kc3 Rxa5 $2 (38... Rb7 39. h3 Ra7) 39. Rxc7+ Kf8 40. Rc8+ Ke7 41. Rc7+ Kf8 $1 42. Kb2 $2 (42. Kb4 $18 {and White stays clearly on top.} Ra4+ 43. Kb5) 42... Nd3+ (42... Ra4 $16 {was necessary.} 43. Rc6 Nxe4) 43. Kb3 Nc5+ $2 (43... Ke8 {keeps fighting.} 44. Kc4 Rxa3) 44. Ka2 $2 (44. Kb4 $18 Ra4+ 45. Kb5) 44... Ra4 $14 45. e5 fxe5 46. fxe5 Rd4 $1 {[%cal Rd4d5]} 47. e6 fxe6 48. dxe6 {Intending e7+ and mate.} Rd2+ {[%mdl 64] Double Attack} 49. Kb1 {White wants to mate with e7+.} Re2 50. Rf7+ Ke8 51. Rh7 Nxe6 52. Rxh6 Nd4 53. Bg6+ Kf8 54. Rh3 Ke7 55. Bd3 Rd2 56. Re3+ (56. a4 $16) 56... Kd8 $11 57. h3 Kc7 58. Be4 {Black should prevent Rd3.} Rh2 59. Kc1 d5 60. Bg6 Ne2+ 61. Kd1 Nf4 62. Bf5 Kd6 63. a4 d4 64. Ra3 Nd5 {Hoping for ...Ne3+.} 65. Bg4 Ne3+ 66. Rxe3 $1 dxe3 {KR-KB} 67. Be2 $2 {[%mdl 8192]} (67. a5 $11 Ra2 68. a6) 67... Rxh3 $2 ({Better is} 67... Rh1+ $19 68. Kc2 Rxh3) 68. Kc2 $2 {[%mdl 8192]} (68. Bb5 $11 Kc5 69. Be8) 68... Ke5 $19 69. Kd3 Kf4 70. a5 Rh6 71. Kd4 Rd6+ 72. Kc5 Rd2 73. Bh5 $2 {[%mdl 8192]} (73. Bf1 $11) 73... Kg5 74. Bf3 Kf4 75. Bh5 Ke5 $2 (75... Ke4 $19 {( -> ...Rd5+)} 76. Bg4 Ra2) 76. a6 $11 Rc2+ 77. Kb6 $2 {[%mdl 8192]} (77. Kb5 $11) 77... Kd6 $2 {[%mdl 8192]} (77... Ra2 $11) 78. Kb7 $2 {[%mdl 8192]} (78. a7 $11) 78... Rb2+ 79. Kc8 Rb5 $2 (79... Rh2 $19 80. Bd1 Kc6 81. Bf3+ Kb6) 80. Be2 {The position is equal.} Ra5 81. Kb7 {[#]} Rxa6 $1 {[%mdl 512]} 82. Kxa6 Ke5 {Accuracy: White = 59%, Black = 51%.} 1/2-1/2

[Event "VI Sunway Sitges Open 2019"]
[Site "Sitges"]
[Date "2019.12.20"]
[Round "8.23"]
[White "Karthik Venkataraman"]
[Black "Harutyunian, Tigran K."]
[Result "1/2-1/2"]
[WhiteElo "2470"]
[BlackElo "2540"]
[Annotator "ChessBase"]
[PlyCount "102"]
[EventDate "2019.12.13"]
[EventType "swiss"]
[EventCountry "ESP"]
[SourceTitle "playchess.com"]
[Source "ChessBase"]
[SourceQuality "1"]
[TimeControl "40/5400+30:1800+30"]

1. e4 {[%emt 0:01:12]} e5 {[%emt 0:00:00]} 2. Nf3 {[%emt 0:00:08]} Nc6 {[%emt 0:00:00]} 3. Bb5 {[%emt 0:00:04]} Nf6 {[%emt 0:00:29]} 4. d3 {[%emt 0:01:33]} Bc5 {[%emt 0:00:17]} 5. Bxc6 {[%emt 0:02:35]} dxc6 {[%emt 0:00:15]} 6. Nbd2 {[%emt 0:00:07]} O-O {[%emt 0:02:43]} 7. Qe2 {[%emt 0:01:30]} Re8 {[%emt 0:02:57]} 8. Nc4 {[%emt 0:00:55]} Nd7 {[%emt 0:01:26]} 9. Bd2 {[%emt 0:09:09]} Nb6 {[%emt 0:05:12]} 10. Ne3 {[%emt 0:17:57]} a5 {[%emt 0:00:40]} 11. a4 {[%emt 0:01:19]} Bd4 {[%emt 0:03:44]} 12. Nxd4 {[%emt 0:03:40]} exd4 {[%emt 0:00:26]} 13. Nf1 {[%emt 0:00:07]} c5 {[%emt 0:06:12]} 14. Ng3 {[%emt 0:01:18]} Nd5 {[%emt 0:02:19]} 15. O-O {[%emt 0:02:02]} Nb4 {[%emt 0:00:31]} 16. Bxb4 {[%emt 0:01:27]} cxb4 {[%emt 0:02:42]} 17. b3 {[%emt 0:01:13]} Ra6 {[%emt 0:02:42]} 18. f4 {[%emt 0:00:07]} f5 {[%emt 0:07:33]} 19. Qf3 {[%emt 0:02:02]} Rc6 {[%emt 0:09:42]} 20. Rf2 {[%emt 0:01:41]} fxe4 {[%emt 0:22:03]} 21. Nxe4 {[%emt 0:01:04]} Rf8 {[%emt 0:04:36]} 22. Re1 {[%emt 0:02:10]} h6 {[%emt 0:05:54]} 23. Ng3 {[%emt 0:06:17]} Rcf6 {[%emt 0:01:59]} 24. Re5 {[%emt 0:11:10]} b6 {[%emt 0:03:19]} 25. Qe4 {[%emt 0:04:37]} R6f7 {[%emt 0:03:19]} 26. f5 {[%emt 0:13:10]} Qg5 {[%emt 0:01:33]} 27. Rf4 {[%emt 0:02:55]} Qd8 {[%emt 0:04:37]} 28. Rd5 {[%emt 0:01:45]} Rd7 {[%emt 0:00:47]} 29. Qe6+ {[%emt 0:01:45]} Kh8 {[%emt 0:00:53]} 30. Rxd7 {[%emt 0:00:37]} Bxd7 {[%emt 0:02:10]} 31. Qe5 {[%emt 0:00:33]} c5 {[%emt 0:00:31]} 32. Ne4 {[%emt 0:00:10]} Qe8 {[%emt 0:01:21]} 33. Qxe8 {[%emt 0:04:32]} Bxe8 {[%emt 0:00:24]} 34. g4 {[%emt 0:02:02]} Bc6 {[%emt 0:00:47]} 35. h4 {[%emt 0:02:26]} Bd7 {[%emt 0:01:45]} 36. Ng3 {[%emt 0:01:34]} g6 {[%emt 0:00:55]} 37. Rf2 {[%emt 0:00:54]} h5 {[%emt 0:01:15]} 38. gxh5 {[%emt 0:00:33]} gxf5 {[%emt 0:00:07]} 39. Ne2 {[%emt 0:00:08]} Bc6 {[%emt 0:00:49]} 40. Kh2 {[%emt 0:00:00]} Kh7 {[%emt 0:00:00]} 41. Rf1 {[%emt 0:08:06]} Re8 {[%emt 0:10:59]} 42. Ng3 {[%emt 0:00:44]} Bd7 {[%emt 0:00:06]} 43. Kg2 {[%emt 0:01:57]} Re3 {[%emt 0:04:06]} 44. Rf4 {[%emt 0:00:31]} Re5 {[%emt 0:02:47]} 45. Kf2 {[%emt 0:00:48]} Kh6 {[%emt 0:01:06]} 46. Rf3 {[%emt 0:00:13]} Bc8 {[%emt 0:01:06]} 47. Rf4 {[%emt 0:04:01]} Bd7 {[%emt 0:02:19]} 48. Rf3 {[%emt 0:00:07]} Be6 {[%emt 0:00:15]} 49. Kf1 {[%emt 0:03:57]} Bd7 {[%emt 0:00:14]} 50. Rf2 {[%emt 0:03:43]} Bc8 {[%emt 0:00:59]} 51. Rf3 {[%emt 0:00:44]} Bd7 {[%emt 0:00:25]} 1/2-1/2

[Event "VI Sunway Sitges Open 2019"]
[Site "Sitges"]
[Date "2019.12.20"]
[Round "8.24"]
[White "Parvanyan, Ashot"]
[Black "Narayanan, Srinath"]
[Result "1/2-1/2"]
[WhiteElo "2456"]
[BlackElo "2529"]
[Annotator "ChessBase"]
[PlyCount "59"]
[EventDate "2019.12.13"]
[EventType "swiss"]
[EventCountry "ESP"]
[SourceTitle "playchess.com"]
[Source "ChessBase"]
[SourceQuality "1"]
[TimeControl "40/5400+30:1800+30"]

1. Nf3 {[%emt 0:00:00]} c5 {[%emt 0:01:35]} 2. c4 {[%emt 0:00:00]} Nc6 {[%emt 0:00:04]} 3. d4 {[%emt 0:00:02]} cxd4 {[%emt 0:00:06]} 4. Nxd4 {[%emt 0:00:05]} Nf6 {[%emt 0:00:04]} 5. Nc3 {[%emt 0:00:30]} e6 {[%emt 0:00:10]} 6. g3 {[%emt 0:00:22]} Qb6 {[%emt 0:00:04]} 7. Ndb5 {[%emt 0:00:26]} d5 {[%emt 0:00:28]} 8. Bg2 {[%emt 0:00:52]} d4 {[%emt 0:00:28]} 9. Na4 {[%emt 0:00:25]} Qa5+ {[%emt 0:00:06]} 10. Bd2 {[%emt 0:00:08]} Qd8 {[%emt 0:00:05]} 11. e3 {[%emt 0:01:18]} d3 {[%emt 0:00:19]} 12. O-O {[%emt 0:00:27]} Be7 {[%emt 0:00:05]} 13. Nd4 {[%emt 0:01:42]} Nxd4 {[%emt 0:01:19]} 14. exd4 {[%emt 0:00:06]} Qxd4 {[%emt 0:00:03]} 15. Qb3 {[%emt 0:00:49]} O-O {[%emt 0:01:18]} 16. Rad1 {[%emt 0:00:30]} Bd7 {[%emt 0:01:46]} 17. Be3 {[%emt 0:01:13]} Qe5 {[%emt 0:09:21]} 18. Rxd3 {[%emt 0:01:06]} Bc6 {[%emt 0:00:05]} 19. Bxc6 {[%emt 0:05:35]} bxc6 {[%emt 0:00:18]} 20. Qb7 {[%emt 0:00:17]} Qf5 {[%emt 0:00:14]} 21. Rdd1 {[%emt 0:16:41]} Rfe8 {[%emt 0:25:01]} 22. f3 {[%emt 0:06:56]} c5 {[%emt 0:12:27]} 23. b3 {[%emt 0:04:53]} h5 {[%emt 0:00:26]} 24. Rd2 {[%emt 0:16:27]} Bf8 {[%emt 0:00:46]} 25. Qc7 {[%emt 0:02:17]} e5 {[%emt 0:05:30]} 26. Nc3 {[%emt 0:01:19]} Rac8 {[%emt 0:10:57]} 27. Qb7 {[%emt 0:02:21]} Rb8 {[%emt 0:03:01]} 28. Qc7 {[%emt 0:01:36]} Rbc8 {[%emt 0:00:56]} 29. Qb7 {[%emt 0:00:23]} Rb8 {[%emt 0:00:37]} 30. Qc7 {[%emt 0:01:04]} 1/2-1/2

[Event "VI Sunway Sitges Open 2019"]
[Site "Sitges"]
[Date "2019.12.20"]
[Round "8.25"]
[White "Krysa, Leandro"]
[Black "Sekar, B."]
[Result "1/2-1/2"]
[WhiteElo "2527"]
[BlackElo "2176"]
[Annotator "ChessBase"]
[PlyCount "131"]
[EventDate "2019.12.13"]
[EventType "swiss"]
[EventCountry "ESP"]
[SourceTitle "playchess.com"]
[Source "ChessBase"]
[SourceQuality "1"]
[TimeControl "40/5400+30:1800+30"]

1. Nf3 {[%emt 0:00:00]} Nf6 {[%emt 0:00:00]} 2. c4 {[%emt 0:00:00]} e6 {[%emt 0:00:00]} 3. Nc3 {[%emt 0:00:01]} d5 {[%emt 0:00:00]} 4. e3 {[%emt 0:00:10]} Bd6 {[%emt 0:02:48]} 5. b3 {[%emt 0:01:25]} c5 {[%emt 0:03:11]} 6. Bb2 {[%emt 0:05:04]} Nc6 {[%emt 0:02:01]} 7. cxd5 {[%emt 0:03:36]} exd5 {[%emt 0:00:03]} 8. d4 {[%emt 0:00:14]} O-O {[%emt 0:11:18]} 9. Be2 {[%emt 0:02:31]} Re8 {[%emt 0:02:26]} 10. O-O {[%emt 0:05:58]} cxd4 {[%emt 0:06:45]} 11. Nxd4 {[%emt 0:00:18]} Nxd4 {[%emt 0:05:34]} 12. Qxd4 {[%emt 0:01:39]} Be5 {[%emt 0:00:17]} 13. Qd2 {[%emt 0:19:19]} Bg4 {[%emt 0:14:53]} 14. Bb5 {[%emt 0:19:15]} Bd7 {[%emt 0:03:11]} 15. Bxd7 {[%emt 0:05:00]} Qxd7 {[%emt 0:00:00]} 16. Rad1 {[%emt 0:07:05]} Rac8 {[%emt 0:03:41]} 17. Na4 {[%emt 0:04:41]} Qd6 {[%emt 0:01:49]} 18. Bxe5 {[%emt 0:03:43]} Qxe5 {[%emt 0:00:02]} 19. h3 {[%emt 0:03:56]} b5 {[%emt 0:01:31]} 20. Nb2 {[%emt 0:00:14]} Ne4 {[%emt 0:00:07]} 21. Qd4 {[%emt 0:00:06]} Qxd4 {[%emt 0:02:07]} 22. Rxd4 {[%emt 0:00:16]} Rc2 {[%emt 0:00:02]} 23. Nd3 {[%emt 0:01:57]} Nc3 {[%emt 0:01:31]} 24. Nf4 {[%emt 0:05:49]} g5 {[%emt 0:03:34]} 25. Nxd5 {[%emt 0:00:06]} Ne2+ {[%emt 0:00:03]} 26. Kh2 {[%emt 0:00:12]} Nxd4 {[%emt 0:00:08]} 27. Nf6+ {[%emt 0:00:06]} Kf8 {[%emt 0:00:08]} 28. Nxe8 {[%emt 0:00:06]} Kxe8 {[%emt 0:00:18]} 29. exd4 {[%emt 0:00:06]} Rxa2 {[%emt 0:00:05]} 30. Kg3 {[%emt 0:23:15]} Ke7 {[%emt 0:18:30]} 31. Kg4 {[%emt 0:00:00]} Kf6 {[%emt 0:00:08]} 32. d5 {[%emt 0:00:00]} Rd2 {[%emt 0:00:20]} 33. g3 {[%emt 0:00:00]} Rxd5 {[%emt 0:03:15]} 34. Ra1 {[%emt 0:00:00]} Kg6 {[%emt 0:00:57]} 35. Ra6+ {[%emt 0:00:00]} f6 {[%emt 0:00:43]} 36. Rxa7 {[%emt 0:00:00]} Rd3 {[%emt 0:00:00]} 37. h4 {[%emt 0:00:00]} h5+ {[%emt 0:00:02]} 38. Kh3 {[%emt 0:00:00]} g4+ {[%emt 0:00:21]} 39. Kg2 {[%emt 0:00:03]} Rxb3 {[%emt 0:01:22]} 40. Rd7 {[%emt 0:04:20]} Rf3 {[%emt 0:00:00]} 41. Rb7 {[%emt 0:00:00]} Rf5 {[%emt 0:06:08]} 42. f3 {[%emt 0:00:41]} gxf3+ {[%emt 0:01:42]} 43. Kf2 {[%emt 0:03:28]} Rc5 {[%emt 0:06:20]} 44. Kxf3 {[%emt 0:00:36]} Kf5 {[%emt 0:07:26]} 45. Rb8 {[%emt 0:08:13]} Rc3+ {[%emt 0:02:12]} 46. Kg2 {[%emt 0:00:33]} Rb3 {[%emt 0:00:16]} 47. Rh8 {[%emt 0:02:33]} Kg6 {[%emt 0:00:28]} 48. Rg8+ {[%emt 0:00:34]} Kh7 {[%emt 0:00:03]} 49. Rb8 {[%emt 0:06:52]} Rb2+ {[%emt 0:07:58]} 50. Kf3 {[%emt 0:00:19]} b4 {[%emt 0:00:49]} 51. Rb5 {[%emt 0:00:00]} Kg6 {[%emt 0:01:27]} 52. Ke3 {[%emt 0:04:48]} b3 {[%emt 0:02:39]} 53. Kf3 {[%emt 0:01:02]} Rb1 {[%emt 0:02:00]} 54. Kg2 {[%emt 0:02:13]} Rb2+ {[%emt 0:03:14]} 55. Kf3 {[%emt 0:00:06]} Rb1 {[%emt 0:01:31]} 56. Kg2 {[%emt 0:00:00]} Kh6 {[%emt 0:00:29]} 57. Kf2 {[%emt 0:00:00]} Kg7 {[%emt 0:02:23]} 58. Kg2 {[%emt 0:00:00]} Kg6 {[%emt 0:01:25]} 59. Kh2 {[%emt 0:00:29]} f5 60. Kg2 Kf6 61. Kh2 {[%emt 0:00:01]} Ke6 62. Rxf5 {[%emt 0:00:02]} Kd6 63. Rf8 {[%emt 0:00:13]} Kc6 64. Kg2 {[%emt 0:00:16]} Rd1 65. Rb8 {[%emt 0:00:03]} Rd3 66. Kh2 {[%emt 0:00:13]} 1/2-1/2